The magic screen : a history of Regent Street Cinema /

Bibliographic Details
Main Authors: Hunningher, Joost (Author), Morgan-Tamosunas, Rikki (Author), Osborn, Guy, 1966- (Author), Spankie, Ro (Author)
Corporate Author: JSTOR (Organization)
Format: eBook
Language:English
Published: London : University of Westminster, 2015.
Series:History of the University of Westminster ; part four.
Subjects:
Online Access:Connect to the full text of this electronic book

MARC

Tag First Indicator Second Indicator Subfields
LEADER 00000cam a2200000Ii 4500
001 in00004024913
005 20190416191857.0
006 m o d
007 cr cnu---unuuu
008 181029s2015 enka ob 001 0 eng d
035 |a (OCoLC)on1059465332 
040 |a JSTOR  |b eng  |e rda  |e pn  |c JSTOR 
020 |a 9781911534235  |q (electronic bk.) 
020 |a 1911534238  |q (electronic bk.) 
020 |z 9780957612464 
020 |z 095761246X 
035 |a (OCoLC)1059465332 
037 |a 22573/ctv6xwbk0  |b JSTOR 
043 |a e-uk-en 
050 4 |a PN1993.5.G7 
082 0 4 |a 791.430941  |2 23 
049 |a TXAM 
100 1 |a Hunningher, Joost,  |e author. 
245 1 4 |a The magic screen :  |b a history of Regent Street Cinema /  |c Joost Hunningher, Rikki Morgan-Tamosunas, Guy Osborn and Ro Spankie. 
264 1 |a London :  |b University of Westminster,  |c 2015. 
300 |a 1 online resource :  |b illustrations (some colour). 
336 |a text  |b txt  |2 rdacontent 
337 |a computer  |b c  |2 rdamedia 
338 |a online resource  |b cr  |2 rdacarrier 
490 1 |a The history of the University of Westminster ;  |v part four 
504 |a Includes bibliographical references and index. 
505 0 |a Introduction / Elaine Penn -- The 'Old Cinema': a dissolving view / Ro Spankie -- The legal history of the Old Cinema : from 'disorderly house' to high-class cinematograph / Guy Osborn -- Now showing at 309 Regent Street -- Ghosts on 'Our magic screen', a screen play / Joost Hunningher, with contributions from Ronald Gow -- Afterword : reviving the birthplace of British cinema / Rikki Morgan-Tamosunas. 
588 0 |a Print version record. 
610 2 0 |a Regent Street Cinema (London, England) 
650 0 |a Motion picture theaters  |z England  |z London  |x History. 
650 7 |a Motion picture theaters.  |2 fast  |0 (OCoLC)fst01027261 
651 7 |a England  |z London.  |2 fast  |0 (OCoLC)fst01204271 
655 7 |a Electronic books.  |2 local 
655 7 |a History.  |2 fast  |0 (OCoLC)fst01411628 
700 1 |a Morgan-Tamosunas, Rikki,  |e author. 
700 1 |a Osborn, Guy,  |d 1966-  |e author. 
700 1 |a Spankie, Ro,  |e author. 
710 2 |a JSTOR (Organization) 
776 0 8 |i Print version:  |a Hunningher, Joost.  |t Magic screen.  |d London : University of Westminster, 2015  |z 9780957612464  |w (OCoLC)927000550 
830 0 |a History of the University of Westminster ;  |v part four. 
856 4 0 |u http://proxy.library.tamu.edu/login?url=http://www.jstor.org/stable/10.2307/j.ctv6zd9n3  |z Connect to the full text of this electronic book  |t 0 
999 f f |s e23c5151-8ae2-360e-9f99-e40dc58f24f3  |i 229f83bf-f5ed-316c-9e1f-b9b495aae35f  |t 0 
952 f f |a Texas A&M University  |b College Station  |c Electronic Resources  |d Available Online  |t 0  |e PN1993.5.G7  |h Library of Congress classification 
998 f f |a PN1993.5.G7  |t 0  |l Available Online